• 首页
  • 本馆介绍
  • 公告通知
  • 最新文献
  • 馆藏检索
  • 电子资源
  • 读者导购
  • 参考咨询
  • 我的图书馆
  • 登录
  • 详细信息显示
  • 放入我的书架
  • 预约/预借图书
  • 作者相关作品
  • 分类相关作品
  • 丛书相关作品
  • 出版社相关作品

书目信息

  • 表格格式
  • 工作单格式
  • 卡片格式
题名:
图书馆全民阅读推广实践与探究
    
 
作者: 于欣田 编著
分册:  
出版信息: 沈阳   辽宁大学出版社  2018.06
页数: 252页
开本: 24cm
丛书名:
单 册:
中图分类: G259.2 , G252.17
科图分类:
主题词: 图书馆工作--关系--读书活动--研究--中国
电子资源:
ISBN: 978-7-5610-9166-1
000 00938nam0 2200229 450
001 1258
005 20180927163933.43
010    @a978-7-5610-9166-1@dCNY58.00
100    @a20180423d2018 em y0chiy0110 ea
101 0  @achi
102    @aCN@b210000
105    @ay z 000yy
200 1  @a图书馆全民阅读推广实践与探究@9tu shu guan quan min yue du tui guang shi jian yu tan jiu@f于欣田编著
210    @a沈阳@c辽宁大学出版社@d2018.06
215    @a252页@d24cm
330    @a本书以抚顺市图书馆开展全民阅读推广工作中的实际案例为基础,详细介绍了图书馆开展的各类推广活动从策划准备到组织实施的一系列具体流程,并深入分析各类阅读推广活动取得的效果与存在的不足,并总结强调了全民阅读对促进城市文化服务水平的提高、推动城市的文化发展中的重要意义。
606 0  @a图书馆工作@x关系@x读书活动@x研究@y中国
690    @aG259.2@v5
690    @aG252.17@v5
701  0 @a于欣田@9yu xin tian@4编著
801  0 @aCN@b91CIP@c20180423
905    @aMuseLib@dG259.2@e39
    
    图书馆全民阅读推广实践与探究/于欣田编著.-沈阳:辽宁大学出版社,2018.06
    252页;24cm
    
    
    ISBN 978-7-5610-9166-1:CNY58.00
    本书以抚顺市图书馆开展全民阅读推广工作中的实际案例为基础,详细介绍了图书馆开展的各类推广活动从策划准备到组织实施的一系列具体流程,并深入分析各类阅读推广活动取得的效果与存在的不足,并总结强调了全民阅读对促进城市文化服务水平的提高、推动城市的文化发展中的重要意义。
●
相关链接 在E读中查询图书 在五车中查询图书 在当当中查询图书 在豆瓣中查询图书


正题名:图书馆全民阅读推广实践与探究     索取号:G259.2/39         预约/预借

序号 登录号 条形码 馆藏地/架位号 状态 备注
1 1121939   211219395   第一样本阅览室/ [索取号:G259.2/39] 在馆    
2 1121940   211219402   密集书库-资源管理系/ [索取号:G259.2/39] 在馆    
3 1121941   211219411   第四借阅区/ [索取号:G259.2/39] 在馆    
4 1121942   211219420   第四借阅区/ [索取号:G259.2/39] 在馆    
5 1121943   211219439   第四借阅区/ [索取号:G259.2/39] 在馆    
唐山师范学院图书馆 欢迎您!
大连网信软件有限公司© 版权所有